Animation vs Minecraft Characters - Statistics

General Stats
  • This quiz has been taken 191 times
    180 since last reset
  • The average score is 16 of 26
Answer Stats
Hint Answer % Correct
Blue
93%
The Second Coming
93%
Yellow
92%
Purple
91%
Stick Figures Red
91%
Green
90%
King Orange
89%
Skeleton
85%
Mobs (Monster School) Enderman
82%
Main Antagonist (original) Herobrine
75%
Zombie
75%
Spider
74%
Ghast
64%
Blaze
61%
Wither
60%
Creeper
58%
Wither Skeleton
51%
Slime
45%
Cave Spider
44%
Pink
38%
Dark Blue
33%
Silverfish
32%
Magma Cube
28%
Zombie Villager
23%
Dark Yellow
15%
Zombified Piglin
13%
No matching quizzes found
Score Distribution
Percent of People with Each Score
Percentile by Number Answered
Your Score History
You have not taken this quiz since the last reset